000 01267cam a2200217 4500
001 WB4001-14
008 040316n2004 000 0 eng u
035 _a(Sirsi) u125421
245 _aMore fixed-rate mortgages
260 _c2004
490 _aHM Treasury Press Release
_v12 March 2004 (3)
520 _aThe Miles review final report , "The UK mortgage market: taking a longer-term view", has been published, setting out recommendations to improve the UK mortgage market. It advocates the removal of obstacles to the development of a market where a larger proportion of mortgages are at interest rates that are fixed for more than a few years. The final report makes recommendations on borrower advice and information, on pricing structure fairness and on helping lenders fund mortgages and handle risk in the most cost-effective way. The report is available at http://www.hm-treasury.gov.uk/consultations_and_le gislation/miles_review/consult_miles_index.cfm. http://www.hm-treasury.gov.uk/newsroom_and_speeche s/press/2004/press_miles_04.cfm
590 _aWB
590 _aWB
650 _aMORTGAGE MARKET
650 _aFIXED-RATE MORTGAGES
650 _aPRICING STRUCTURE
650 _aMORTGAGE LENDERS
690 _aHOUSING-MARKET
942 _n0
999 _c117103
_d117103